[Event "Titled Tuesday intern op 31st Jan Late"]
[Site "Chess.com INT"]
[Date "2023.01.31"]
[Round "8"]
[White "Desideri, Ricardo Maruchi"]
[Black "Rian, Kapriaga"]
[Result "1-0"]
[WhiteElo "1959"]
[BlackElo "2089"]
[PlyCount "97"]
[EventDate "2023.01.31"]
[EventType "swiss (blitz)"]
[EventRounds "11"]
[EventCountry "USA"]
[SourceTitle "CBM 212 Extra"]
[Source "ChessBase"]
[SourceDate "2023.03.31"]
[SourceVersion "1"]
[SourceVersionDate "2023.03.31"]
[SourceQuality "1"]

1. e4 c6 2. d4 d5 3. e5 Bf5 4. h4 h5 5. Bd3 Bxd3 6. Qxd3 e6 7. Bg5 Qb6 8. b3 c5 9. Nf3 Nc6 10. c3 cxd4 11. cxd4 Rc8 12. 0-0 Nge7 13. a3 Nf5 14. Rc1 Be7 15. Bxe7 Kxe7 16. Rc5 Ncxd4 17. Nxd4 Rxc5 18. Nxf5+ exf5 19. Nd2 g6 20. b4 Rc7 21. Nf3 Rd8 22. Nd4 Rc4 23. Nb3 Kf8 24. Nc5 Kg8 25. Re1 Rxc5 26. bxc5 Qxc5 27. e6 fxe6 28. Rxe6 Qc1+ 29. Kh2 Qf4+ 30. g3 Qxf2+ 31. Kh3 Kf7 32. Re2 Qf1+ 33. Kh2 f4 34. Re7+ Kxe7 35. Qxf1 fxg3+ 36. Kxg3 d4 37. Qe2+ Kf7 38. Qf3+ Ke7 39. Qd3 Rd6 40. Kf4 Ke6 41. Kg5 Kd5 42. Qb5+ Ke4 43. Qxb7+ Kd3 44. Qb3+ Ke4 45. Qb7+ Kd3 46. Qb1+ Ke3 47. Qe1+ Kd3 48. Qf1+ Kc3 49. Qh3+ 1-0

[Event "Titled Tuesday intern op 31st Jan Late"]
[Site "Chess.com INT"]
[Date "2023.01.31"]
[Round "7"]
[White "Llanos, Guillermo"]
[Black "Desideri, Ricardo Maruchi"]
[Result "1-0"]
[WhiteElo "2296"]
[BlackElo "1959"]
[PlyCount "47"]
[EventDate "2023.01.31"]
[EventType "swiss (blitz)"]
[EventRounds "11"]
[EventCountry "USA"]
[SourceTitle "CBM 212 Extra"]
[Source "ChessBase"]
[SourceDate "2023.03.31"]
[SourceVersion "1"]
[SourceVersionDate "2023.03.31"]
[SourceQuality "1"]

1. d4 Nf6 2. c4 c5 3. d5 e6 4. Nc3 exd5 5. cxd5 d6 6. e4 g6 7. h3 Bg7 8. Bd3 0-0 9. Bg5 Nbd7 10. Nf3 a6 11. a4 Re8 12. 0-0 Qe7 13. Re1 Qf8 14. a5 h6 15. Bd2 Kh7 16. Na4 c4 17. Bc2 Rb8 18. Bb4 b5 19. axb6 Nxb6 20. e5 Nfxd5 21. Bxd6 Qg8 22. Bxb8 Nxa4 23. Bxa4 Nf4 24. Bxe8 1-0

[Event "Titled Tuesday intern op 31st Jan Late"]
[Site "Chess.com INT"]
[Date "2023.01.31"]
[Round "4"]
[White "Lopez del Alamo, Antonio"]
[Black "Desideri, Ricardo Maruchi"]
[Result "1-0"]
[WhiteElo "2275"]
[BlackElo "1959"]
[PlyCount "63"]
[EventDate "2023.01.31"]
[EventType "swiss (blitz)"]
[EventRounds "11"]
[EventCountry "USA"]
[SourceTitle "CBM 212 Extra"]
[Source "ChessBase"]
[SourceDate "2023.03.31"]
[SourceVersion "1"]
[SourceVersionDate "2023.03.31"]
[SourceQuality "1"]

1. e4 c5 2. Nf3 d6 3. d4 cxd4 4. Nxd4 Nf6 5. Nc3 a6 6. Be2 e6 7. 0-0 b5 8. Bf3 Ra7 9. Be3 Rc7 10. a3 Nbd7 11. g3 Bb7 12. Bg2 Be7 13. f4 Qc8 14. h3 0-0 15. Qd3 Nc5 16. Qe2 Ncxe4 17. Nxe4 Nxe4 18. Bxe4 Bxe4 19. c3 e5 20. Nf3 Qxh3 21. Bf2 Bxf3 22. Qxf3 exf4 23. Qxf4 Rc4 24. Qf3 Bf6 25. Be3 Rg4 26. Bf4 Be5 27. Bxe5 dxe5 28. Kf2 Rd8 29. Rad1 Qh2+ 30. Ke3 Qh6+ 31. Ke2 Qh2+ 32. Rf2 1-0

[Event "Titled Tuesday intern op 17th Jan Late"]
[Site "Chess.com INT"]
[Date "2023.01.17"]
[Round "7"]
[White "Almedina Ortiz, Edgardo J"]
[Black "Desideri, Ricardo Maruchi"]
[Result "0-1"]
[WhiteElo "2156"]
[BlackElo "1959"]
[PlyCount "70"]
[EventDate "2023.01.17"]
[EventType "swiss (blitz)"]
[EventRounds "11"]
[EventCountry "USA"]
[SourceTitle "CBM 212 Extra"]
[Source "ChessBase"]
[SourceDate "2023.03.31"]
[SourceVersion "1"]
[SourceVersionDate "2023.03.31"]
[SourceQuality "1"]

1. Nf3 c5 2. c4 b6 3. g3 Bb7 4. Bg2 e6 5. 0-0 Be7 6. Nc3 Nf6 7. b3 0-0 8. Bb2 a6 9. d4 cxd4 10. Qxd4 d6 11. Rfd1 Nbd7 12. Rac1 Qc7 13. h3 Rac8 14. e4 Rfe8 15. Qe3 Qb8 16. Kh2 Qa8 17. Na4 b5 18. cxb5 axb5 19. Nb6 Nxb6 20. Qxb6 Bxe4 21. Ne1 Bxg2 22. Nxg2 Qxa2 23. Bxf6 Bxf6 24. Rxc8 Rxc8 25. Rxd6 Qxb3 26. Nf4 h6 27. Nh5 Be5 28. Rd7 Qf3 29. Nf4 Bxf4 30. gxf4 Qxf4+ 31. Kg2 Qe4+ 32. Kh2 Qe5+ 33. Kg2 Rc2 34. Rd3 Qe4+ 35. Rf3 Rc3 0-1